000 005380000a22001810004500
003 MACL
005 20160310171020.0
008 160310b xxu||||| |||| 00| 0 eng d
040 _aMACL
_cMACL
041 _aHindi
082 _a891.433
100 _aज्ञान प्रकाश विवेक
_944722
245 _aजोसफ चला गया
260 _bलक्ष्‍मी पुस्‍तक सदन
_c1986
_aदिल्‍ली
350 _a30
650 _aNovel
_944723
942 _cHIN
_k891.433
_2ddc
999 _c29172
_d29172